Fr. Conceicao Rodrigues College of Engineering

Design & Manufacture of Foriegn Dyes C-NO: 227 (Record no. 26628)

MARC details
000 -LEADER
fixed length control field 00381nam a2200145Ia 4500
082 ## - DEWEY DECIMAL CLASSIFICATION NUMBER
Classification number 671.332
Item number AICTE
100 ## - MAIN ENTRY--PERSONAL NAME
Personal name AICTE
245 ## - TITLE STATEMENT
Title Design & Manufacture of Foriegn Dyes C-NO: 227
260 ## - PUBLICATION, DISTRIBUTION, ETC.
Name of publisher, distributor, etc. Continuing Education Programmer AICTE
Place of publication, distribution, etc. Bangalore
Date of publication, distribution, etc. 1992
300 ## - PHYSICAL DESCRIPTION
Extent 73
546 ## - LANGUAGE NOTE
Language note ENGLISH
654 ## - SUBJECT ADDED ENTRY--FACETED TOPICAL TERMS
Focus term Design manufacture of foriegn dyes
942 ## - ADDED ENTRY ELEMENTS (KOHA)
Koha item type BOOK
Holdings
Withdrawn status Lost status Damaged status Not for loan Collection Home library Current library Date acquired Total Checkouts Full call number Barcode Date last seen Price effective from Koha item type
        CRC Fr. Agnel's C.Rodrigues College of Engineering Fr. Agnel's C.Rodrigues College of Engineering 17/03/2023   671.332 AICTE 12009 17/03/2023 17/03/2023 BOOK
        CRC Fr. Agnel's C.Rodrigues College of Engineering Fr. Agnel's C.Rodrigues College of Engineering 17/03/2023   671.332 AICTE 12010 17/03/2023 17/03/2023 BOOK